| 000 | 03592nam a22003377a 4500 | ||
|---|---|---|---|
| 001 | TIGAL 0087 | ||
| 003 | gtcocun | ||
| 005 | 20250917180012.0 | ||
| 006 | a||||gr|||| 00| 0 | ||
| 007 | ta | ||
| 008 | 250917b2024 gt ||||| m||| 00| 0 eng d | ||
| 040 |
_agtcocun _bSPA _cgtcocun _eRDA |
||
| 041 | _aSPA TIGAL 0087 | ||
| 084 | _0TIGAL 0087 | ||
| 100 |
_aPaz González, Ana Nicole _eAutor |
||
| 245 |
_aINFORME FINAL DEL EJERCICIO PROFESIONAL SUPERVISADO, REALIZADO EN LA MUNICIPALIDAD DE FLORES, PETÉN Y ALDEA PAXCAMÁN, FLORES, PETÉN/ _cAna Nicole Paz González. _hImpreso |
||
| 264 |
_aCobán, Alta Verapaz: _bUniversidad de San Carlos de Guatemala, Centro Universitario del Norte, Carrera de Ingeniería en Gestión Ambiental Local _c2024 |
||
| 300 |
_a91 p.: _bIlustraciones, gráficas. _c28 cm; |
||
| 300 | _cPDF | ||
| 336 |
_2rdacontenido _aTexto _btxt |
||
| 337 |
_2rdamedio _aComputadora _bn |
||
| 338 |
_2rdasoporte _aCódigo en línea _bcr |
||
| 502 | _eTIGAL 0087 | ||
| 502 |
_aTesis de grado _bCarrera de Ingeniería en Gestión Ambiental Local, _cUniversidad de San Carlos de Guatemala, Centro Universitario del Norte, Carrera de Ingeniería en Gestión Ambiental Local _d2024 _oTIGAL 0087 |
||
| 520 | 1 | 4 | _aEl Ejercicio profesional Supervisado de la carrera de Ingeniería en Gestión Ambiental Local del Centro Universitario del Norte de la Universidad San Carlos de Guatemala, tuvo como sede la comunidad Paxcamán del municipio de Flores del departamento de Petén y la municipalidad de Flores, Petén. En el presente informe se describen las distintas fases en las que se desarrolló el Ejercicio Profesional Supervisado (EPS), se inició con el diagnóstico socioeconómico y ambiental en la aldea Paxcamán, se realizó un proceso continuo de visitas de campo, con la participación de los habitantes para poder conocer la situación ambiental, social, económica y educacional. A partir de esta etapa se generó una matriz de priorización de problemas ambientales entre los que destacan; el deterioro de cuerpos de agua, la pérdida de biodiversidad y la contaminación por desechos sólidos, se establecieron acciones como reforestación en áreas ecológicas, talleres sobre la importancia de la materia orgánica y como aprovecharla al elaborar abono, sobre reciclaje y como transformar un material desechable, tren de recolección de desechos y residuos sólidos, charla sobre la huella de carbono para llevar una acción personal positiva para el medio ambiente. En la municipalidad de Flores, se gestionó la aprobación para la realización de distintas actividades ambientales como la plantación de 200 árboles de especie nativa matilisguate (Tabebuia rosea), jornadas de limpieza de residuos y desechos sólidos a orillas del lago Petén Itzá en donde participaron distintas instituciones que velan por el resguardo y protección del medio ambiente, visitas de campo a distintas aldeas del municipio para la realización de la campaña ambiental municipal denominada “involúcrate al cambio” que tuvo como propósito lograr cambios positivos en las practicas que la población realiza diariamente. |
| 650 | 1 | 4 |
_2LEMB _aFlores, Petén _xIngeniería en Gestión Ambiental Local _xInforme _xDiagnóstico _xReforestación _xMateria orgánica _xDesechos |
| 700 |
_aIng. Agr. Henry Estuardo Botzoc Choc _eAsesor |
||
| 856 |
_uhttps://drive.google.com/file/d/1owSO7O2XQz7ldFsLnZyH0GpOT1yiukT0/view _yPDF _zUn ejemplar en línea. |
||
| 942 |
_2ddc _cTES _iTIGAL 0087 _kClasificación _n0 _6TIGAL_0087_000000000000000 |
||
| 999 |
_c1889 _d1889 |
||